000 00281nam a22001337a 4500
008 181204b xxu||||| |||| 00| 0 eng d
020 _a9780760700488
041 _aeng
080 _a710
100 _a45
101 _aART
245 _aCharles Russell
_cAmy.B
942 _2udc
_cBK
999 _c52762
_d52762